Statistics for Top 10 offensive players in the 2016 NFL Draft

Click here to take the quiz!

General Stats

  • This quiz has been taken 205 times
  • The average score is 5 of 10

Answer Stats

HintAnswer% Correct
QB, North Dakota State Picked 2ndCarson Wentz
98%
QB, California Picked 1stJared Goff
94%
RB, Ohio State Picked 4thEzekiel Elliott
71%
RB, Alabama Picked 45thDerrick Henry
55%
OT, Ole Miss Picked 13thLaremy Tunsil
41%
WR, Notre Dame Picked 21stWill Fuller
35%
WR, TCU Picked 22ndJosh Doctson
28%
OT, Michigan State Picked 8thJack Conklin
27%
WR, Ole Miss Picked 23rdLaquon Treadwell
26%
OT, Norte Dame Picked 6thRonnie Stanley
24%

Score Distribution

Percentile by Number Answered

Percent of People with Each Score

Your Score History

You have not taken this quiz